000 00611nam a2200205Ia 4500
005 20250508162313.0
008 008 250505s9999 xx 000 0 eng d
020 _a0-06-063866-4
037 _aTextual
040 _aFEDL
_beng
_cFEDL
041 _aeng
_2eng
084 _a501, HEN
_qFEDL
100 _aHenry Carl F H Ed.
_97352
245 0 _aHorizons of science: Christian scholars speak out
260 _aNew York, USA
_bHarper and Row Publisher
_c1975
300 _axii,281p
490 _aContemporary evangelical thought series
942 _cTEXL
_h501, HEN
999 _c1375710
_d1375710